Länder Asiens - anhand der ersten beiden Buchstaben in 60 Sekunden - Statistiken

Allgemein
  • Dieses Quiz wurde 2.275 mal gespielt
  • Das Durchschnittsergebnis liegt bei 30 aus 48
Antwortstatistiken
Länder % Korrekt
Ch
88%
In
86%
In
86%
Ka
84%
Ka
84%
Ka
84%
79%
Tu
79%
Ja
77%
Ta
73%
Ta
73%
Ir
71%
Ir
71%
Ba
69%
Ba
69%
68%
Ma
67%
Ma
67%
Sa
67%
Af
66%
No
66%
Pa
63%
Th
63%
As
62%
Je
62%
Ki
62%
Vi
62%
Ar
61%
Us
61%
La
59%
Mo
59%
Is
58%
Om
56%
Ge
52%
Sy
52%
Bh
51%
Jo
50%
Ph
50%
Ne
48%
Ku
46%
Li
46%
Br
45%
My
44%
Si
43%
Sr
42%
Ve
42%
Os
35%
Zy
35%
Keine übereinstimmenden Quizze gefunden
Verteilung der Resultate
Anzahl Personen mit jedem Resultat
Perzentil nach korrekt beantworteten Fragen
Ihre Resultats-Entwicklung
Sie haben dieses Quiz noch nicht gespielt